[Event "ICS rated blitz match"]
[Site "204.178.125.65"]
[Date "2000.12.19"]
[Round "?"]
[White "Hossa"]
[Black "PostModernist"]
[Result "1/2-1/2"]
[WhiteElo "2536"]
[BlackElo "2702"]
[PlyCount "231"]
[EventDate "2000.??.??"]

1. e4 e5 2. Nf3 Nc6 3. Bb5 a6 4. Ba4 d6 5. O-O Nge7 6. c3 Bd7 7. d4 Ng6 8. d5
Nb8 9. Bb3 Be7 10. c4 O-O 11. Be3 a5 12. Ba4 Bxa4 13. Qxa4 Nd7 14. Qb3 Nf6 15.
Nc3 Qd7 16. h3 a4 17. Qd1 Rfd8 18. Qe2 Nh5 19. Nxe5 Nxe5 20. Qxh5 Nxc4 21. Rab1
Nxe3 22. fxe3 Bf6 23. Ne2 Re8 24. Qf3 c6 25. Nd4 a3 26. b4 cxd5 27. exd5 Bxd4
28. exd4 f6 29. Qg3 Qf7 30. Qxd6 Rad8 31. Qb6 Qxd5 32. Rf2 Qxd4 33. Qa5 Qd3 34.
Rbf1 Rd5 35. Qc7 b5 36. Qb7 Rde5 37. Qf3 Re3 38. Qf5 Qxf5 39. Rxf5 Re2 40. Rxb5
Rxa2 41. Rf3 Ra1+ 42. Kf2 Rd8 43. Rg3 Rd2+ 44. Ke3 Rad1 45. Rb8+ Kf7 46. Rb7+
Rd7 47. Rxd7+ Rxd7 48. Rf3 Rd1 49. Rf2 Rb1 50. Ra2 Rb3+ 51. Kd4 Rxb4+ 52. Kc3
Re4 53. Rxa3 Re2 54. Kd4 Rxg2 55. Ke4 g5 56. Kf3 Rb2 57. Ra7+ Kg6 58. Ra3 f5
59. Ra8 Rb3+ 60. Kg2 f4 61. Rg8+ Kh5 62. Rh8 Rg3+ 63. Kh2 h6 64. Rh7 g4 65.
hxg4+ Rxg4 66. Rh8 Rg3 67. Rh7 Kg5 68. Rh8 h5 69. Rg8+ Kh4 70. Rf8 Kg4 71. Rg8+
Kf3 72. Rb8 h4 73. Rb3+ Kg4 74. Rb8 f3 75. Rb4+ Kf5 76. Rb8 Ke4 77. Rb2 Kd3 78.
Rb3+ Ke2 79. Rb2+ Ke1 80. Rb1+ Kd2 81. Rb2+ Kd1 82. Rb1+ Kc2 83. Rb4 Rg2+ 84.
Kh3 Re2 85. Rxh4 Kd1 86. Rd4+ Ke1 87. Rc4 Re3 88. Rc1+ Ke2 89. Kg3 f2+ 90. Kg2
Rc3 91. Rb1 Rb3 92. Ra1 Ra3 93. Rb1 Ra2 94. Rc1 Rd2 95. Rf1 Ke3 96. Rh1 Rd8 97.
Rc1 Rg8+ 98. Kh2 Rg5 99. Rb1 Rg7 100. Rb3+ Ke2 101. Rb2+ Kf3 102. Rb3+ Ke4 103.
Rb4+ Ke5 104. Rb5+ Kf4 105. Rb4+ Kf5 106. Rb5+ Kg4 107. Kg2 Rf7 108. Rb4+ Kg5
109. Rb5+ Kh6 110. Rb6+ Kh5 111. Rb5+ Kh6 112. Rb6+ Kg7 113. Kf1 Rf8 114. Rb2
Rf6 115. Rxf2 Rxf2+ 116. Kxf2 {
Game drawn because neither player has mating material} 1/2-1/2

[Event "ICS rated blitz match"]
[Site "204.178.125.65"]
[Date "2000.12.19"]
[Round "?"]
[White "Zippy"]
[Black "Hossa"]
[Result "0-1"]
[WhiteElo "2398"]
[BlackElo "2543"]
[PlyCount "160"]
[EventDate "2000.??.??"]

1. e4 e5 2. Nf3 Nc6 3. Bb5 a6 4. Bxc6 dxc6 5. O-O f6 6. d4 exd4 7. Nxd4 c5 8.
Ne2 Qxd1 9. Rxd1 Bd7 10. Nbc3 O-O-O 11. f3 Ne7 12. Be3 Nc6 13. Nd5 Bd6 14. c3
Be6 15. b3 Kb8 16. Nef4 Bf7 17. Bf2 Rd7 18. Rab1 Rhd8 19. Nd3 b6 20. c4 Nb4 21.
N3xb4 cxb4 22. g3 Be5 23. f4 Bc3 24. h3 Bg6 25. f5 Bf7 26. Rd3 Re8 27. g4 Bxd5
28. exd5 Re2 29. a3 Rde7 30. d6 cxd6 31. axb4 Bxb4 32. Bxb6 Kb7 33. Bd4 R7e4
34. Rbd1 Kc6 35. Kh1 h6 36. Bg1 a5 37. Bd4 Re8 38. Ra1 Rc2 39. Rdd1 Ree2 40.
Rd3 Rcd2 41. Rxd2 Rxd2 42. Bg1 Rb2 43. Bd4 Rxb3 44. Kg2 Rd3 45. Bf2 Rc3 46. Ra2
Rxc4 47. Re2 Kd7 48. Ra2 Bc5 49. Bxc5 Rxc5 50. Kf3 Re5 51. Kf4 Kc6 52. Ra3 Kb6
53. Rb3+ Rb5 54. Rc3 Rb4+ 55. Ke3 a4 56. Ke2 Rb3 57. Kd3 Rxc3+ 58. Kxc3 Kc5 59.
h4 d5 60. Kc2 d4 61. Kb2 Kc4 62. Kc2 a3 63. g5 hxg5 64. hxg5 fxg5 65. Kb1 a2+
66. Kxa2 d3 67. Kb1 d2 68. Kc2 d1=Q+ 69. Kxd1 Kd3 70. Ke1 Ke3 71. Kf1 Kf3 72.
Kg1 g4 73. Kf1 g3 74. Kg1 g2 75. f6 gxf6 76. Kh2 Kf2 77. Kh3 f5 78. Kh4 g1=Q
79. Kh5 Qg7 80. Kh4 Qh6# {Zippy checkmated} 0-1

[Event "ICS rated blitz match"]
[Site "204.178.125.65"]
[Date "2000.12.19"]
[Round "?"]
[White "Hossa"]
[Black "monsoon"]
[Result "1-0"]
[WhiteElo "2553"]
[BlackElo "2435"]
[PlyCount "127"]
[EventDate "2000.??.??"]

1. e4 c5 2. Nf3 d6 3. Bb5+ Nd7 4. d4 cxd4 5. Qxd4 e5 6. Qa4 Be7 7. O-O Ngf6 8.
Nc3 O-O 9. Be3 Nb6 10. Qa5 Bg4 11. Be2 Bxf3 12. Bxf3 Nc4 13. Qxd8 Rfxd8 14. Bg5
Rac8 15. Rab1 b6 16. Nb5 a6 17. Nc3 Nxb2 18. Rxb2 Rxc3 19. Rxb6 Ra8 20. Rb2
Rac8 21. Bd1 R3c4 22. f3 Nd5 23. Bxe7 Nxe7 24. Rf2 f5 25. Rd2 fxe4 26. Be2 R4c5
27. fxe4 R8c6 28. Bh5 Rb5 29. Rb3 g6 30. Bg4 h5 31. Bd7 Rxb3 32. axb3 Rb6 33.
g3 Kf7 34. Rf2+ Kg7 35. Be6 Nc6 36. c3 Kh6 37. Bd5 Na7 38. Rf8 Nb5 39. Rc8 Kg5
40. b4 Kf6 41. Rf8+ Kg7 42. Rf7+ Kh6 43. Rf3 Kg7 44. Kf2 Rb8 45. Ke2 Rc8 46.
Kd2 Rc7 47. c4 Nd4 48. Ra3 Ra7 49. b5 a5 50. Kd3 Kh7 51. h4 Kh6 52. Kc3 g5 53.
Ra2 gxh4 54. gxh4 Kh7 55. b6 Rg7 56. c5 dxc5 57. b7 Rg3+ 58. Kb2 Rg2+ 59. Ka3
Rg3+ 60. Ka4 Nc6 61. Bxc6 Rg8 62. Kxa5 Rb8 63. Kb6 c4 64. Kc7 {monsoon resigns}
1-0

[Event "ICS rated standard match"]
[Site "204.178.125.65"]
[Date "2000.12.19"]
[Round "?"]
[White "Hossa"]
[Black "Tinker"]
[Result "1/2-1/2"]
[WhiteElo "2368"]
[BlackElo "2361"]
[PlyCount "52"]
[EventDate "2000.??.??"]

1. e4 c5 2. Nf3 d6 3. Bb5+ Bd7 4. Bxd7+ Qxd7 5. c4 Nc6 6. d4 cxd4 7. Nxd4 g6 8.
Nxc6 Qxc6 9. Qd4 e5 10. Qd3 b5 11. Nd2 bxc4 12. Nxc4 f5 13. Nd2 fxe4 14. Nxe4
d5 15. Ng5 Bb4+ 16. Bd2 Bxd2+ 17. Qxd2 Ne7 18. Rc1 Qa6 19. Qb4 Qf6 20. Qa4+ Kf8
21. Qh4 Kg8 22. Rc7 Qd6 23. Ne6 Kf7 24. Ng5+ Kg8 25. Ne6 Kf7 26. Ng5+ Kg8 {
Game drawn by repetition} 1/2-1/2

[Event "ICS rated blitz match"]
[Site "204.178.125.65"]
[Date "2000.12.19"]
[Round "?"]
[White "Foe-hammer"]
[Black "Hossa"]
[Result "1-0"]
[WhiteElo "2841"]
[BlackElo "2564"]
[PlyCount "81"]
[EventDate "2000.??.??"]

1. d4 Nf6 2. c4 e6 3. Nc3 Bb4 4. Qc2 O-O 5. a3 Bxc3+ 6. Qxc3 b6 7. Bg5 Bb7 8.
f3 d6 9. e4 c5 10. d5 Nxe4 11. Bxd8 Nxc3 12. Bc7 Na4 13. b3 exd5 14. bxa4 d4
15. Bxd6 Rd8 16. Bf4 Nc6 17. Bd3 f6 18. O-O-O Re8 19. Ne2 g5 20. Bg3 f5 21. f4
Nd8 22. Rhe1 Bxg2 23. Bxf5 Rf8 24. Bd3 Ne6 25. fxg5 Bc6 26. Bd6 Rfd8 27. Be5
Bxa4 28. Rd2 Rf8 29. Be4 Rae8 30. g6 hxg6 31. Bxg6 Rd8 32. Rg1 Bd7 33. Rd3 Rf2
34. Bh5+ Kh7 35. Rh3 Rf1+ 36. Kb2 Rb1+ 37. Ka2 Ng5 38. Rh4 Ra1+ 39. Kxa1 Kg8
40. Rxg5+ Kf8 41. Bd6# {Hossa checkmated} 1-0

[Event "ICS rated blitz match"]
[Site "204.178.125.65"]
[Date "2000.12.19"]
[Round "?"]
[White "Hossa"]
[Black "Lazybone"]
[Result "1-0"]
[WhiteElo "2559"]
[BlackElo "2174"]
[PlyCount "53"]
[EventDate "2000.??.??"]

1. e4 e5 2. Nf3 Nc6 3. Bb5 a6 4. Ba4 Nf6 5. O-O Be7 6. Re1 b5 7. Bb3 O-O 8. c3
d5 9. exd5 Nxd5 10. Nxe5 Nxe5 11. Rxe5 c6 12. Bxd5 cxd5 13. d4 Bd6 14. Re3 Qh4
15. h3 f5 16. Nd2 f4 17. Re1 Bxh3 18. Qf3 Rae8 19. Rxe8 Rxe8 20. Qxh3 Re1+ 21.
Nf1 Qe7 22. Qc8+ Kf7 23. Qf5+ Kg8 24. Qxd5+ Kf8 25. Bxf4 Bxf4 26. Rxe1 Qxe1 27.
Qf5+ {Lazybone resigns} 1-0

[Event "ICS rated blitz match"]
[Site "204.178.125.65"]
[Date "2000.12.19"]
[Round "?"]
[White "Amateur"]
[Black "Hossa"]
[Result "1-0"]
[WhiteElo "2503"]
[BlackElo "2562"]
[PlyCount "159"]
[EventDate "2000.??.??"]

1. d4 Nf6 2. Nf3 g6 3. c4 Bg7 4. Nc3 O-O 5. e4 c6 6. Bd3 d6 7. O-O Na6 8. Bg5
Nb4 9. Be2 h6 10. Qb3 hxg5 11. Qxb4 g4 12. Ne1 Nd7 13. Bxg4 c5 14. dxc5 Nxc5
15. Bf3 a5 16. Qa3 Bd7 17. Nc2 e6 18. Rad1 Be5 19. Ne3 f5 20. exf5 gxf5 21. h3
Qg5 22. Ne2 Qf6 23. Rd2 Qh4 24. Re1 Ra6 25. Red1 b5 26. cxb5 Bxb5 27. Nc3 Bd7
28. Ne2 Rc8 29. Rc2 Bb5 30. Bb7 Bxe2 31. Bxc8 Bxd1 32. Rxc5 dxc5 33. Bxa6 Qd4
34. Qxa5 Bh5 35. Bc4 Bf7 36. Qa6 Qxb2 37. Bxe6 f4 38. Qa8+ Qb8 39. Bxf7+ Kxf7
40. Qxb8 Bxb8 41. Nc4 Ke6 42. h4 Kd5 43. Na3 Ke4 44. Nc4 Kd5 45. Nd2 c4 46. Kf1
c3 47. Nb3 f3 48. g3 c2 49. Ke1 Ba7 50. h5 Ke6 51. Kd2 Bxf2 52. Kxc2 Kf5 53.
Nd2 Bxg3 54. Nxf3 Bf4 55. Nd4+ Kg4 56. a4 Kxh5 57. a5 Be5 58. Ne6 Kh6 59. Kd3
Bb8 60. a6 Ba7 61. Kc4 Kg6 62. Nd8 Kf6 63. Kd5 Kg5 64. Nc6 Bb6 65. Ne7 Ba7 66.
Nc8 Bb8 67. Kc6 Kh5 68. Kb7 Be5 69. a7 Kg5 70. a8=Q Kf4 71. Ne7 Kf3 72. Kb6+
Ke3 73. Kc5 Bb2 74. Nf5+ Kd3 75. Qf3+ Kc2 76. Nd4+ Kb1 77. Qb3 Ka1 78. Nc2+ Kb1
79. Nb4 Kc1 80. Qc2# {Hossa checkmated} 1-0

[Event "ICS rated blitz match"]
[Site "204.178.125.65"]
[Date "2000.12.19"]
[Round "?"]
[White "PostModernist"]
[Black "Hossa"]
[Result "1-0"]
[WhiteElo "2664"]
[BlackElo "2543"]
[PlyCount "203"]
[EventDate "2000.??.??"]

1. d4 d5 2. Nf3 Nf6 3. e3 e6 4. c4 Ne4 5. Nc3 Bb4 6. Qc2 c5 7. Bd3 cxd4 8. exd4
Nxc3 9. bxc3 dxc4 10. Bxc4 Bd6 11. O-O Qc7 12. Bd3 b6 13. Re1 Bb7 14. Be4 a6
15. d5 e5 16. Nxe5 Bxe5 17. d6 Qxc3 18. Qxc3 Bxc3 19. Bxb7+ Bxe1 20. Bxa8 Bb4
21. Bf4 Kd7 22. Be4 g6 23. Rc1 Bc5 24. Rd1 Re8 25. Bd5 Nc6 26. Be3 f6 27. Bf7
Re4 28. Bd5 Re8 29. Bf7 Re5 30. Bxc5 bxc5 31. Bc4 Nd4 32. Bxa6 Rd5 33. Rb1 Kxd6
34. Bc4 Rf5 35. a4 Rf4 36. Rd1 Ke5 37. Bg8 Kf5 38. a5 Rg4 39. Kh1 Re4 40. Rc1
Re8 41. Bc4 Rc8 42. a6 Rc7 43. g3 Kg4 44. Rb1 Re7 45. Kg2 Kf5 46. f4 Rd7 47.
Rb7 Rxb7 48. axb7 Nc6 49. Kf3 h5 50. Bd3+ Ke6 51. Bxg6 Kd7 52. Be4 Nd4+ 53. Ke3
Kc7 54. f5 Nb5 55. g4 hxg4 56. Kf4 Nd6 57. Bc2 Kxb7 58. Kxg4 Kc6 59. Kh5 Kd5
60. Kg6 Nb5 61. h4 Nd4 62. h5 Nxc2 63. h6 Ke4 64. h7 Ne3 65. h8=Q Nd5 66. Qh1+
Kd4 67. Qg1+ Kc4 68. Kf7 Nc3 69. Kxf6 Kd5 70. Qg2+ Kc4 71. Ke5 Kb3 72. Qc6 c4
73. f6 Ne2 74. Qxc4+ Kxc4 75. f7 Nc1 76. Ke6 Nd3 77. Kf5 Kd5 78. f8=Q Kc4 79.
Qa3 Nc5 80. Qc1+ Kd4 81. Qc2 Nd3 82. Qb3 Nc5 83. Qb4+ Kd5 84. Qc3 Kd6 85. Qd2+
Kc6 86. Ke5 Nd7+ 87. Kd4 Kd6 88. Qe3 Kc7 89. Qe8 Kd6 90. Qe4 Nb6 91. Qg6+ Kc7
92. Qc2+ Kb7 93. Kc5 Kc7 94. Kb5+ Kd6 95. Qc5+ Ke6 96. Kxb6 Kf6 97. Kc6 Kg6 98.
Kd6 Kh6 99. Ke6 Kg6 100. Qg1+ Kh6 101. Kf6 Kh7 102. Qg7# {Hossa checkmated} 1-0

[Event "ICS unrated blitz match"]
[Site "204.178.125.65"]
[Date "2000.12.19"]
[Round "?"]
[White "Hossa"]
[Black "diep"]
[Result "1-0"]
[WhiteElo "2532"]
[BlackElo "2746"]
[PlyCount "151"]
[EventDate "2000.??.??"]

1. e4 c5 2. Nf3 e6 3. d4 cxd4 4. Nxd4 a6 5. Bd3 Nf6 6. O-O Qc7 7. Qe2 d6 8. Be3
e5 9. Nf3 Nc6 10. Nc3 Nb4 11. Na4 Bg4 12. Nb6 Rd8 13. Nc4 Rc8 14. Bb6 Qc6 15.
b3 Be6 16. Ba5 Nxd3 17. cxd3 b5 18. Nb6 Rc7 19. Nd5 Nxd5 20. exd5 Bxd5 21. Bxc7
Qxc7 22. d4 f6 23. dxe5 fxe5 24. Rac1 Qb8 25. Rfd1 Bb7 26. Ng5 g6 27. Qg4 Be7
28. Qe6 Rf8 29. Nxh7 Rf7 30. Ng5 Rf6 31. Qg8+ Bf8 32. Nh7 Ke7 33. Nxf6 Kxf6 34.
Rd3 Qd8 35. Rg3 Be4 36. Re3 Bf5 37. b4 Qe7 38. Rc6 Bh6 39. Qh8+ Kg5 40. Rg3+
Kh5 41. Rxa6 Qc7 42. h4 Qc1+ 43. Kh2 Qf4 44. Rxd6 Qxh4+ 45. Kg1 Qe4 46. Rd1 Qe2
47. Rf1 Qe4 48. a3 Qd5 49. Rc3 Qe4 50. Re3 Qf4 51. Rxe5 Qc4 52. Qe8 Qf4 53.
Rxb5 Bg7 54. Qg8 Kh6 55. Rb7 Qd4 56. Re7 Qb2 57. Rfe1 Qd4 58. a4 Bc2 59. a5 Qb2
60. g4 Bd4 61. Qd8 Qc3 62. Qc7 Qxc7 63. Rxc7 Ba4 64. a6 Kg5 65. a7 Bc6 66. Rxc6
Bxa7 67. b5 Bb8 68. b6 Bf4 69. Rc5+ Kf6 70. g5+ Kf7 71. Ree5 Bxe5 72. Rxe5 Kg8
73. b7 Kf8 74. b8=R+ Kf7 75. Kh2 Kg7 76. Re7# {diep checkmated} 1-0

[Event "ICS rated blitz match"]
[Site "204.178.125.65"]
[Date "2000.12.19"]
[Round "?"]
[White "Hossa"]
[Black "ChesterX"]
[Result "1-0"]
[WhiteElo "2532"]
[BlackElo "2673"]
[PlyCount "105"]
[EventDate "2000.??.??"]

1. e4 e5 2. Nf3 Nc6 3. Bb5 a6 4. Ba4 Nf6 5. O-O Be7 6. Bxc6 dxc6 7. Nxe5 Nxe4
8. d3 Nd6 9. Nc3 O-O 10. Re1 Be6 11. Qh5 Re8 12. Bf4 Nb5 13. Ne4 f6 14. Nc4 Qd5
15. Qd1 Rad8 16. Na5 Rb8 17. c4 Qf5 18. Qd2 g5 19. Be3 Nd6 20. Ng3 Qg6 21. Ba7
Ra8 22. Rxe6 Rxa7 23. Rae1 Nc8 24. c5 Kf8 25. Qe2 Kg8 26. Qd1 Qf7 27. Qb3 Kf8
28. Nxb7 a5 29. d4 g4 30. R1e2 Kg8 31. Nf5 Kf8 32. R2e4 h5 33. Re1 Qg6 34. Ng3
Qf7 35. a4 h4 36. Nf5 h3 37. g3 Qg6 38. Ne3 Nb6 39. Nxa5 Rxa5 40. cxb6 cxb6 41.
Nc4 Rd5 42. Qe3 Qf7 43. Nxb6 Rdd8 44. Qf4 Qg7 45. Qc7 Rxd4 46. Nc8 Qf7 47. Rxe7
Rxe7 48. Nxe7 Qe6 49. Qa5 Rxa4 50. Qc3 Qxe7 51. Rxe7 Kxe7 52. Kf1 Re4 53. Qxc6
{ChesterX resigns} 1-0

[Event "ICS rated blitz match"]
[Site "204.178.125.65"]
[Date "2000.12.19"]
[Round "?"]
[White "Amateur"]
[Black "Hossa"]
[Result "1-0"]
[WhiteElo "2489"]
[BlackElo "2554"]
[PlyCount "201"]
[EventDate "2000.??.??"]

1. e4 e5 2. Nf3 Nc6 3. d4 exd4 4. Nxd4 Bc5 5. Be3 Qf6 6. c3 Nge7 7. Be2 O-O 8.
Nxc6 Qxc6 9. Bxc5 Qxc5 10. O-O Re8 11. Nd2 Ng6 12. a4 Nf4 13. Bg4 Qg5 14. h4
Qf6 15. g3 Ng6 16. Be2 d6 17. Bg4 Ne5 18. Bxc8 Raxc8 19. Qh5 c6 20. a5 Rc7 21.
Qf5 Qxf5 22. exf5 Nd3 23. b4 d5 24. Nb3 a6 25. Rfd1 Ne5 26. Kg2 Rce7 27. h5 Nc4
28. Nc5 Re2 29. Kf3 R2e5 30. g4 R5e7 31. Ra2 h6 32. Rh1 Kh7 33. Rd1 Kh8 34. Rh1
Nd6 35. Kf4 Kg8 36. Rha1 Nc4 37. f3 Kh7 38. Rd1 Kh8 39. Rh1 Rf8 40. Rah2 Kg8
41. Ra1 Rb8 42. Rc2 Kf8 43. Na4 Rbe8 44. Nc5 Rc7 45. Na4 Ne3 46. Rd2 f6 47. Nc5
Nc4 48. Rda2 Rce7 49. Ne6+ Kf7 50. Re1 Kg8 51. Rd1 Kh7 52. Re2 Kh8 53. Rh2 Ne5
54. Rf2 Kg8 55. Ra2 Nc4 56. Rh2 Nd6 57. Re2 Nb5 58. Rc1 Kf7 59. Rd2 Nc7 60. Nc5
Rb8 61. Rb2 Kg8 62. Rd2 Nb5 63. Ne6 Nd6 64. Rg2 Nc4 65. Re2 c5 66. bxc5 Nxa5
67. Rd1 Nc4 68. Rxd5 Rbe8 69. Rd4 Na5 70. Rd5 Nc4 71. Kg3 Na5 72. Rh2 Nc4 73.
Ra2 Ne3 74. Rd4 g6 75. hxg6 Rxe6 76. fxe6 Rxe6 77. Rd6 Re8 78. c6 bxc6 79. Rxf6
c5 80. Rfxa6 Nd5 81. R2a5 Rc8 82. c4 Nb4 83. Re6 Nd3 84. f4 Nb2 85. Re4 Rc7 86.
f5 Rc8 87. f6 Rf8 88. Re8 Rxe8 89. f7+ Kf8 90. fxe8=Q+ Kxe8 91. Ra8+ Kd7 92. g7
Nxc4 93. g8=Q Nd6 94. Qd8+ Ke6 95. Ra6 Kd5 96. Rxd6+ Kc4 97. Qb6 h5 98. gxh5
Kc3 99. Qxc5+ Kb2 100. Rb6+ Ka2 101. Qa5# {Hossa checkmated} 1-0

[Event "ICS rated standard match"]
[Site "204.178.125.65"]
[Date "2000.12.19"]
[Round "?"]
[White "perucho"]
[Black "Hossa"]
[Result "1-0"]
[WhiteElo "2460"]
[BlackElo "2368"]
[PlyCount "87"]
[EventDate "2000.??.??"]

1. e4 e5 2. Nf3 Nf6 3. d4 Nxe4 4. Bd3 d5 5. Nxe5 Nd7 6. Nxd7 Bxd7 7. O-O Qf6 8.
Be3 Bd6 9. c4 Qh4 10. g3 Qh3 11. cxd5 Nxg3 12. fxg3 Bxg3 13. Rf2 Bxh2+ 14. Rxh2
Qxe3+ 15. Kh1 O-O-O 16. Nc3 f5 17. Bc2 g6 18. Qd2 Qf3+ 19. Qg2 Qf4 20. Qf2 Qd6
21. Re1 h6 22. Re5 Rdf8 23. Rg2 Kb8 24. Rg1 Rh7 25. Rge1 Qf6 26. Bd3 Qg5 27.
Bf1 Rc8 28. Bg2 Qh5+ 29. Kg1 Qg4 30. a3 Rg8 31. Re7 Rgh8 32. b3 Rxe7 33. Rxe7
Rd8 34. Qe3 Qh4 35. Qe5 Qg5 36. Nb5 Qc1+ 37. Kh2 Bxb5 38. d6 cxd6 39. Rxb7+ Kc8
40. Qe6+ Rd7 41. Qe8+ Rd8 42. Rb8+ Kxb8 43. Qxb5+ Kc7 44. Qb7# {
Hossa checkmated} 1-0

[Event "ICS rated blitz match"]
[Site "204.178.125.65"]
[Date "2000.12.19"]
[Round "?"]
[White "Hossa"]
[Black "jerryes"]
[Result "0-1"]
[WhiteElo "2535"]
[BlackElo "1989"]
[PlyCount "72"]
[EventDate "2000.??.??"]

1. e4 e5 2. Bc4 Nf6 3. d3 Nc6 4. Nf3 Be7 5. O-O O-O 6. h3 d6 7. c3 Be6 8. Bxe6
fxe6 9. b4 Qe8 10. Ng5 Nd8 11. Qb3 d5 12. Nxe6 Nxe6 13. exd5 Nf4 14. Bxf4 exf4
15. d6+ Kh8 16. dxe7 Qxe7 17. Qd1 Nd5 18. Qf3 Rad8 19. a3 Qd6 20. c4 Ne7 21.
Qxb7 f3 22. Qxa7 fxg2 23. Kxg2 Qg6+ 24. Kh1 Rxd3 25. f3 Nf5 26. Rg1 Qh5 27. Rf1
Qxh3+ 28. Kg1 Qg3+ 29. Kh1 Ne3 30. Ra2 Nxf1 31. Qc5 Rdxf3 32. Qxc7 Qxc7 33. Rg2
Qf4 34. Rc2 Rf2 35. Rxf2 Qxf2 36. Nd2 Qh2# {Hossa checkmated} 0-1

[Event "ICS rated blitz match"]
[Site "204.178.125.65"]
[Date "2000.12.19"]
[Round "?"]
[White "K-Asrian"]
[Black "Hossa"]
[Result "1-0"]
[WhiteElo "2476"]
[BlackElo "2504"]
[PlyCount "177"]
[EventDate "2000.??.??"]

1. e4 c5 2. Nf3 d6 3. Nc3 Nf6 4. d4 cxd4 5. Nxd4 e6 6. Be2 Be7 7. O-O O-O 8. f4
d5 9. e5 Ne4 10. Bd3 Bc5 11. Be3 Nc6 12. Nce2 Qb6 13. c3 Qxb2 14. Kh1 Re8 15.
Bxe4 dxe4 16. Nxc6 Bxe3 17. Ne7+ Kh8 18. Ng3 Qxc3 19. Nxe4 Qd4 20. Nxc8 Rexc8
21. Qf3 Rc4 22. Nd6 Rc6 23. Rad1 Bd2 24. Nxf7+ Kg8 25. Ng5 h6 26. Ne4 Rc2 27.
f5 Rf8 28. f6 Rf7 29. Rf2 Rxa2 30. Rfxd2 Rxd2 31. Rxd2 Qxe5 32. Qg4 Kh7 33. Rd1
gxf6 34. Qe2 b6 35. Rf1 a5 36. h3 Kh8 37. Qe3 Kg7 38. Re1 f5 39. Nd2 Qxe3 40.
Rxe3 Kf6 41. Nc4 Rb7 42. Rb3 a4 43. Rb5 Ra7 44. Rxb6 a3 45. Rb1 Ra4 46. Nb6 a2
47. Ra1 Rb4 48. Nd7+ Ke7 49. Rxa2 Kxd7 50. Ra7+ Kd6 51. Rh7 Rh4 52. Kh2 Rh5 53.
g3 Ke5 54. Kg2 Kf6 55. g4 fxg4 56. hxg4 Kg6 57. Re7 Re5 58. Kg3 Re1 59. Kf2 Re4
60. Kf3 Kf6 61. Rh7 Rc4 62. Rxh6+ Ke5 63. Kg3 Rc3+ 64. Kh4 Rc1 65. Kg5 Rc8 66.
Rh7 Rg8+ 67. Kh5 Kf6 68. Rh6+ Ke7 69. g5 Rb8 70. Rh7+ Kd6 71. g6 Rb3 72. g7 Rg3
73. Kh6 Ke5 74. Rh8 Rh3+ 75. Kg6 Rg3+ 76. Kf7 Rc3 77. g8=Q Rc7+ 78. Kg6 Rc1 79.
Rh5+ Kf4 80. Qxe6 Rg1+ 81. Kf6 Rg4 82. Qe5+ Kf3 83. Rf5+ Kg2 84. Qe2+ Kh3 85.
Rf3+ Rg3 86. Rxg3+ Kxg3 87. Kg5 Kh3 88. Kf4 Kh4 89. Qg4# {Hossa checkmated} 1-0

[Event "ICS rated blitz match"]
[Site "204.178.125.65"]
[Date "2000.12.19"]
[Round "?"]
[White "Hossa"]
[Black "K-Asrian"]
[Result "1/2-1/2"]
[WhiteElo "2487"]
[BlackElo "2493"]
[PlyCount "87"]
[EventDate "2000.??.??"]

1. e4 e6 2. d4 d5 3. e5 c5 4. c3 Nc6 5. Nf3 cxd4 6. cxd4 f6 7. Bd3 fxe5 8. Nxe5
Nxe5 9. dxe5 Bb4+ 10. Nd2 Ne7 11. Qg4 Bxd2+ 12. Bxd2 O-O 13. Bb4 Rf7 14. O-O a5
15. Ba3 b6 16. Qh4 g6 17. Bd6 Ba6 18. Bxa6 Rxa6 19. Rac1 Ra8 20. Bc7 Qd7 21.
Qd4 b5 22. Bb6 Nf5 23. Qd2 b4 24. Rc5 Qb7 25. Bxa5 b3 26. axb3 Qxb3 27. Rfc1
Raf8 28. Rc8 Qa4 29. Bb4 Rxc8 30. Rxc8+ Kg7 31. h3 Qa6 32. Rc2 Qb6 33. Qc3 d4
34. Qc5 Qb7 35. Rc1 Nh4 36. f3 Nxf3+ 37. gxf3 Qxf3 38. Rc2 Qf1+ 39. Kh2 Rf2+
40. Rxf2 Qxf2+ 41. Kh1 Qf1+ 42. Kh2 Qf2+ 43. Kh1 Qf1+ 44. Kh2 {
Game drawn by mutual agreement} 1/2-1/2

[Event "ICS rated blitz match"]
[Site "204.178.125.65"]
[Date "2000.12.19"]
[Round "?"]
[White "K-Asrian"]
[Black "Hossa"]
[Result "1-0"]
[WhiteElo "2493"]
[BlackElo "2487"]
[PlyCount "118"]
[EventDate "2000.??.??"]

1. e4 c5 2. Nf3 e6 3. d4 cxd4 4. Nxd4 a6 5. Nc3 Bb4 6. a3 Bxc3+ 7. bxc3 Qc7 8.
Bd2 Nf6 9. Bd3 O-O 10. O-O d6 11. c4 e5 12. Nf5 Bxf5 13. exf5 b6 14. g4 h6 15.
h4 Qc6 16. g5 Ne4 17. gxh6 Nxd2 18. Qxd2 f6 19. Qe2 Ra7 20. Be4 Qe8 21. Kh2
gxh6 22. Rg1+ Rg7 23. Rxg7+ Kxg7 24. Rd1 Nd7 25. Bc6 e4 26. Rg1+ Kh8 27. Qg4
Rf7 28. Qg6 Qf8 29. Bxe4 Re7 30. Bd5 Re2 31. Qh5 Rxf2+ 32. Kh1 Rxc2 33. Rg8+
Qxg8 34. Bxg8 Rc1+ 35. Kg2 Rc2+ 36. Kf1 Kxg8 37. Qd1 Rb2 38. Qxd6 Ne5 39. Qxf6
Rb1+ 40. Ke2 Rb2+ 41. Kd1 Rb1+ 42. Kc2 Re1 43. Qe6+ Kf8 44. Qxh6+ Ke8 45. Qe6+
Kf8 46. f6 Nf3 47. Qd6+ Kf7 48. Qd5+ Re6 49. Qxf3 Rxf6 50. Qb7+ Kg6 51. Qxa6
Kh5 52. Qa4 Kh6 53. Qb5 Kg6 54. Qg5+ Kf7 55. h5 Rf2+ 56. Kc3 Rf3+ 57. Kb4 Rf1
58. h6 Rb1+ 59. Kc3 Ra1 {Hossa resigns} 1-0

[Event "ICS rated blitz match"]
[Site "204.178.125.65"]
[Date "2000.12.19"]
[Round "?"]
[White "Hossa"]
[Black "Amateur"]
[Result "1-0"]
[WhiteElo "2471"]
[BlackElo "2568"]
[PlyCount "147"]
[EventDate "2000.??.??"]

1. e4 e5 2. Nf3 Nc6 3. d4 exd4 4. Nxd4 Bc5 5. Be3 Bb6 6. Nc3 Nge7 7. Bc4 d6 8.
Nxc6 Nxc6 9. Bxb6 axb6 10. O-O O-O 11. Bd5 Nb4 12. a3 Nxd5 13. Qxd5 Ra5 14. Qd3
Re8 15. Nd5 Bd7 16. Rfd1 Re5 17. f3 Rg5 18. Qd4 Ra4 19. Qe3 Rg6 20. Rd3 Rc4 21.
Qd2 b5 22. b3 Rc6 23. Rd4 Rh6 24. Qf2 Ra6 25. f4 c6 26. Ne3 c5 27. Rd2 b4 28.
a4 b5 29. e5 bxa4 30. bxa4 Qe8 31. Nc4 Qe7 32. Nxd6 Rh4 33. Ne4 Rah6 34. Qxc5
Qxc5+ 35. Nxc5 Be8 36. g3 R4h5 37. Rb1 Rc6 38. Ne4 Rc8 39. Rxb4 Ra8 40. Rbd4
Kf8 41. Rd8 Rxd8 42. Rxd8 Ke7 43. Ra8 Bc6 44. Ra7+ Ke6 45. Ng5+ Rxg5 46. fxg5
Bd5 47. Ra5 Be4 48. Rc5 Kd7 49. Rc4 Bd5 50. Rh4 g6 51. a5 Kc6 52. Rd4 Kc5 53.
c3 Bc6 54. a6 Kb6 55. Rd6 Kc7 56. a7 Be4 57. Rf6 Kb7 58. Rxf7+ Ka8 59. Rxh7 Bf5
60. Rg7 Bg4 61. h4 Bf5 62. e6 Bxe6 63. Rxg6 Bg4 64. Rf6 Be2 65. g6 Bd3 66. h5
Kxa7 67. h6 Bb5 68. g7 Bc4 69. h7 Bd5 70. g8=Q Bb7 71. h8=Q Bc8 72. Qf7+ Bb7
73. Qa2+ Ba6 74. Qxa6# {Amateur checkmated} 1-0

[Event "ICS rated blitz match"]
[Site "204.178.125.65"]
[Date "2000.12.19"]
[Round "?"]
[White "ChesterX"]
[Black "Hossa"]
[Result "1-0"]
[WhiteElo "2661"]
[BlackElo "2491"]
[PlyCount "121"]
[EventDate "2000.??.??"]

1. Nf3 Nf6 2. c4 g6 3. g3 Bg7 4. Bg2 c5 5. Nc3 O-O 6. O-O Nc6 7. d4 cxd4 8.
Nxd4 Nxd4 9. Qxd4 d6 10. Qd3 Ng4 11. Bf4 Ne5 12. Qe4 Nc6 13. Qc2 Bg4 14. e4 Nd4
15. Qd3 Qd7 16. f3 Bh3 17. Bxh3 Qxh3 18. Nd5 Nc6 19. Rad1 Bxb2 20. Qb3 Be5 21.
Bxe5 dxe5 22. Qxb7 Rac8 23. Nxe7+ Nxe7 24. Qxe7 a6 25. c5 Rfe8 26. Qa7 Qe6 27.
Rd5 Rb8 28. Qd7 Rb2 29. c6 Rxa2 30. c7 Qxd7 31. Rxd7 Rc2 32. Rb1 Kg7 33. Rd8
Re7 34. c8=Q Rxc8 35. Rxc8 Re6 36. Rb7 h5 37. h4 Rf6 38. Kf2 Re6 39. Rcc7 Rf6
40. Re7 Kf8 41. Ra7 a5 42. Rxe5 Rb6 43. Rexa5 Rb2+ 44. Ke3 Kg7 45. Rd5 Rb8 46.
Rdd7 Rf8 47. e5 Kg8 48. Kd4 Rb8 49. Rxf7 Rb6 50. Rf6 Rb4+ 51. Kc5 Rb3 52. e6
Rb8 53. Raf7 Re8 54. e7 g5 55. hxg5 Rc8+ 56. Kd4 Re8 57. Rf8+ Kg7 58. Rxe8 h4
59. Ref8 Kh7 60. R8f7+ Kh8 61. e8=Q# {Hossa checkmated} 1-0

[Event "ICS rated blitz match"]
[Site "204.178.125.65"]
[Date "2000.12.19"]
[Round "?"]
[White "Hossa"]
[Black "K-Asrian"]
[Result "0-1"]
[WhiteElo "2482"]
[BlackElo "2509"]
[PlyCount "112"]
[EventDate "2000.??.??"]

1. Nf3 Nf6 2. c4 e6 3. Nc3 d5 4. e3 c5 5. cxd5 Nxd5 6. Bb5+ Bd7 7. Bxd7+ Qxd7
8. Ne5 Qc7 9. Qa4+ Nd7 10. Nxd5 exd5 11. Nxd7 Qxd7 12. Qxd7+ Kxd7 13. b3 Bd6
14. Bb2 f6 15. Rc1 b5 16. Ke2 a5 17. a4 Rhb8 18. Ba3 c4 19. Bxd6 Kxd6 20. bxc4
bxc4 21. Rc2 Rb4 22. Ra1 Rab8 23. h4 h5 24. Kf3 g6 25. Rca2 Ke5 26. g3 Rb3 27.
Rd1 Rd3 28. Rg1 f5 29. Rc1 Rbb3 30. Ke2 Kd6 31. Rcc2 Kc5 32. Kf3 Kb4 33. Kf4
Ra3 34. Rab2+ Rdb3 35. Kg5 Rxa4 36. Kxg6 Ra1 37. Ra2 Rxa2 38. Rxa2 a4 39. Kxh5
Rb1 40. Kg6 Kb3 41. Rxa4 Kxa4 42. Kxf5 Rd1 43. h5 Rxd2 44. h6 Rxf2+ 45. Kg6 Rh2
46. h7 c3 47. g4 c2 48. g5 c1=Q 49. h8=Q Rxh8 50. Kg7 Qxe3 51. Kxh8 Qxg5 52.
Kh7 d4 53. Kh8 d3 54. Kh7 d2 55. Kh8 d1=Q 56. Kh7 Qdh5# {Hossa checkmated} 0-1